LEADER 00905nam0 2200289 450 001 000019203 005 20081112114720.0 100 $a20081112d1974----km-y0itay50------ba 101 0 $aita 102 $aIT 105 $ay-------001yy 200 1 $aAnalisi matematica$fJaurés P. Cecconi, Guido Stampacchia 210 $aNapoli$cLiguori$d1974 215 $av.$d24 cm 225 2 $aSerie di matematica e fisica$v1 327 0 $a1.: Funzioni di una variabile 410 0$12001$aSerie di matematica e fisica 500 10$aAnalisi matematica$932537 610 1 $aFunzioni di variabile reale 676 $a515.8$v20$9Funzioni di variabile reale 700 1$aCecconi,$bJaurés P.$08523 701 1$aStampacchia,$bGuido$08524 801 0$aIT$bUNIPARTHENOPE$c20081112$gRICA$2UNIMARC 912 $a000019203 951 $aM 515/46$bM153$cDSA$d2008 996 $aAnalisi matematica$932537 997 $aUNIPARTHENOPE